000 00909nam a22002897a 4500
001 BR9509323
003 BR-BrBNA
005 20230928094757.0
007 ta
008 230509b bl.||||| |||| 00| 0 por d
040 _aBR-BrBNA
_bpor
_cBiblioteca Nacional de Agricultura
041 _a(Por)
072 _aF01; F04; E14
_b1910
090 _ 1910 BR9509323
110 1 _aConselho Nacional de Desenvolvimento da Pecuaria, Brasilia, DF (Brasil)
_92664
245 1 _aRelatorio de Implantacao 1974-1975. Programa de pastagens sob tecnicas modernas - programa de avaliacao e ajustamento da tecnologia e metodologia de projetos
260 3 _aBrasilia, DF (Brasil):
_c1975.
300 _a[vp]
650 _aPastagem
650 _aPlantio
650 _aPratica Cultural
650 _aAdubacao
650 _aProjeto Agricola
650 _aGoias
909 _a202309
_bLucia
_c55
_dLucia Elande
942 _cBK
999 _c52579
_d52579